[Event "Kragero op"]
[Site "Kragero"]
[Date "2005.11.20"]
[Round "5"]
[White "Gusland, Thorleif"]
[Black "Henriksen, Thorbjorn"]
[Result "1-0"]
[WhiteElo "1484"]
[BlackElo "1327"]
[PlyCount "99"]
[EventDate "2005.11.18"]
[EventType "swiss"]
[EventRounds "5"]
[EventCountry "NOR"]
[SourceTitle "CBM 109 Extra"]
[Source "ChessBase"]
[SourceDate "2006.01.03"]
[SourceVersion "2"]
[SourceVersionDate "2006.01.03"]
[SourceQuality "1"]

1. e4 c5 2. Nf3 d6 3. d4 cxd4 4. Nxd4 Nf6 5. Nc3 a6 6. Bd3 b5 7. a3 Bb7 8. 0-0 e6 9. Bg5 Be7 10. Re1 Nbd7 11. Nf3 h6 12. Bh4 g5 13. Bg3 Nh5 14. h3 Nxg3 15. fxg3 Qb6+ 16. Kh1 h5 17. Nh2 Bf6 18. Qd2 Rc8 19. Nd1 d5 20. exd5 Bxd5 21. Be4 Bxe4 22. Rxe4 Qc7 23. Qf2 Qxc2 24. Re2 Qc5 25. Qe1 Ke7 26. Ne3 Bxb2 27. Rxb2 Nb6 28. Rc2 Qe5 29. Qb4+ Qd6 30. Qe4 Rc5 31. Qb7+ Ke8 32. Rxc5 Qxc5 33. Qf3 Nd5 34. Nxd5 Qxd5 35. Qxd5 exd5 36. Rd1 Ke7 37. Rxd5 f6 38. Nf1 Rc8 39. Rd3 a5 40. Kg1 b4 41. axb4 axb4 42. Rb3 Rb8 43. Ne3 Kd6 44. Kf2 Kc5 45. Ke2 Ra8 46. Nc2 Rb8 47. Kf3 Kc4 48. Rxb4+ Rxb4 49. Nxb4 Kxb4 50. Ke4 1-0

[Event "Sandefjord op"]
[Site "Sandefjord"]
[Date "2005.04.10"]
[Round "5"]
[White "Kristoffersen, Jan Oistein"]
[Black "Gusland, Thorleif"]
[Result "0-1"]
[WhiteElo "1349"]
[BlackElo "1437"]
[PlyCount "106"]
[EventDate "2005.04.09"]
[EventType "swiss"]
[EventRounds "5"]
[EventCountry "NOR"]
[SourceTitle "EXT 2008"]
[Source "ChessBase"]
[SourceDate "2007.11.25"]
[SourceVersion "1"]
[SourceVersionDate "2007.11.25"]
[SourceQuality "1"]

1. e4 e5 2. Nf3 Nc6 3. Bb5 a6 4. Ba4 Nf6 5. 0-0 b5 6. Bb3 d6 7. d4 exd4 8. c3 Be7 9. cxd4 0-0 10. h3 Bb7 11. Nc3 Na5 12. Bc2 b4 13. e5 bxc3 14. exf6 Bxf6 15. bxc3 Nc6 16. Rb1 Rb8 17. Bf4 Ne7 18. Re1 Nd5 19. Qd3 g6 20. Bh6 Re8 21. Rxe8+ Qxe8 22. Re1 Qd7 23. Bb3 Ne7 24. Bg5 Bxg5 25. Nxg5 Rf8 26. Ne4 Kg7 27. Qg3 Re8 28. Rb1 Bxe4 29. Qf4 Bd5 30. c4 Ba8 31. d5 Qf5 32. Qd4+ Kf8 33. Re1 Qd7 34. Rxe7 Kxe7 35. Qh4+ f6 36. Qxh7+ Kd8 37. Qxd7+ Kxd7 38. Ba4+ Kd8 39. Bxe8 Kxe8 40. f3 c6 41. dxc6 Bxc6 42. Kf2 Ke7 43. Ke3 g5 44. g3 Kf7 45. f4 Kg6 46. g4 Bg2 47. fxg5 Kxg5 48. Kd4 Kh4 49. c5 dxc5+ 50. Kxc5 Bxh3 51. a4 Kxg4 52. Kd4 Kg3 53. Ke3 f5 0-1

[Event "Vestfold KM op"]
[Site "Sandefjord"]
[Date "2004.04.25"]
[Round "4"]
[White "Gusland, Thorleif"]
[Black "Solberg, Svenn"]
[Result "1-0"]
[WhiteElo "1414"]
[BlackElo "1074"]
[PlyCount "29"]
[EventDate "2004.04.??"]
[EventType "swiss"]
[EventRounds "5"]
[EventCountry "NOR"]
[SourceTitle "EXT 2006"]
[Source "ChessBase"]
[SourceDate "2005.11.24"]
[SourceVersion "1"]
[SourceVersionDate "2005.11.24"]
[SourceQuality "1"]

1. e4 e5 2. Nf3 Nc6 3. Bc4 h6 4. 0-0 Nf6 5. a3 d5 6. exd5 Nxd5 7. d3 Bd6 8. Bxd5 Ne7 9. Ba2 0-0 10. h3 Be6 11. Bxe6 fxe6 12. Nc3 Nf5 13. Ne4 Nd4 14. Nxd4 exd4 15. Qg4 1-0

[Event "Kretsmesterskap"]
[Site "Sandefjord"]
[Date "2003.03.01"]
[Round "2"]
[White "Gusland, Thorleif"]
[Black "Syvertsen, Rolf Erik"]
[Result "0-1"]
[WhiteElo "1425"]
[BlackElo "1621"]
[PlyCount "105"]
[EventDate "2003.03.??"]
[EventType "swiss"]
[EventRounds "4"]
[EventCountry "NOR"]
[SourceTitle "EXT 2005"]
[Source "ChessBase"]
[SourceDate "2004.11.15"]
[SourceVersion "1"]
[SourceVersionDate "2004.11.15"]
[SourceQuality "1"]

1. e4 c6 2. d4 d5 3. Nd2 dxe4 4. Nxe4 Nd7 5. Nf3 Ngf6 6. Ng3 Nb6 7. Be2 Bg4 8. 0-0 e6 9. h3 Bxf3 10. Bxf3 Bd6 11. Bg5 Bc7 12. Re1 h6 13. Bc1 Qd6 14. Nf5 Qh2+ 15. Kf1 0-0-0 16. Ne3 g5 17. Ke2 Qd6 18. c3 Kb8 19. a4 Nbd5 20. Nc4 Nf4+ 21. Kf1 Qe7 22. Ne5 Bxe5 23. Rxe5 Ng6 24. Re1 Nh4 25. b4 Nd5 26. Bxd5 cxd5 27. Bb2 Rc8 28. b5 Qc7 29. Kg1 Nf5 30. a5 Qc4 31. Qa4 Nd6 32. b6 Qxa4 33. Rxa4 a6 34. Rc1 Rc4 35. Ra3 Rhc8 36. Rb3 Nb5 37. Rb4 Rxb4 38. cxb4 Rxc1+ 39. Bxc1 Nxd4 40. Be3 Nb3 41. Kf1 d4 42. f4 dxe3 43. fxg5 hxg5 44. Ke2 Nd4+ 45. Kxe3 Nf5+ 46. Ke4 f6 47. Kd3 Kc8 48. Kc4 Ne3+ 49. Kc5 Nxg2 50. b5 axb5 51. Kxb5 f5 52. a6 bxa6+ 53. Kxa6 0-1

[Event "Sandefjord op"]
[Site "Sandefjord"]
[Date "2002.10.12"]
[Round "3"]
[White "Christenson, Thor"]
[Black "Gusland, Thorleif"]
[Result "0-1"]
[WhiteElo "1431"]
[BlackElo "1467"]
[PlyCount "42"]
[EventDate "2002.10.??"]
[EventType "swiss"]
[EventRounds "5"]
[EventCountry "NOR"]
[SourceTitle "EXT 2005"]
[Source "ChessBase"]
[SourceDate "2004.11.15"]
[SourceVersion "1"]
[SourceVersionDate "2004.11.15"]
[SourceQuality "1"]

1. e4 e5 2. Nf3 Nc6 3. c3 Bc5 4. Be2 d6 5. 0-0 Nf6 6. d3 h6 7. Nbd2 a6 8. b4 Ba7 9. a4 0-0 10. Bb2 Bg4 11. h3 Bh5 12. Nh2 Bxe2 13. Qxe2 Ne7 14. Kh1 Ng6 15. g3 Qd7 16. Ng4 Nxg4 17. hxg4 h5 18. gxh5 Qh3+ 19. Kg1 Qxg3+ 20. Kh1 Qh3+ 21. Kg1 Nh4 0-1

[Event "Sandefjord op"]
[Site "Sandefjord"]
[Date "2002.10.11"]
[Round "1"]
[White "Gusland, Thorleif"]
[Black "Sorensen, Stian"]
[Result "1-0"]
[WhiteElo "1467"]
[BlackElo "1077"]
[PlyCount "63"]
[EventDate "2002.10.??"]
[EventType "swiss"]
[EventRounds "5"]
[EventCountry "NOR"]
[SourceTitle "EXT 2005"]
[Source "ChessBase"]
[SourceDate "2004.11.15"]
[SourceVersion "1"]
[SourceVersionDate "2004.11.15"]
[SourceQuality "1"]

1. e4 e5 2. Nf3 Nc6 3. Bc4 d5 4. Bxd5 Nf6 5. Bxc6+ bxc6 6. d3 Be7 7. Nxe5 c5 8. Nc6 Qd6 9. Nxe7 Qxe7 10. 0-0 0-0 11. Re1 Be6 12. Bg5 c4 13. e5 cxd3 14. cxd3 Qb4 15. Bd2 Qxb2 16. Bc3 Qb5 17. exf6 gxf6 18. Bxf6 Qf5 19. Bh4 Bd7 20. Nc3 Rfe8 21. Ne4 Bc6 22. Nf6+ Kf8 23. Nxe8 Rxe8 24. Rxe8+ Kxe8 25. Qe2+ Kd7 26. Qe7+ Kc8 27. Bg3 Bd7 28. Qe5 Kd8 29. Rb1 Qxd3 30. Rb8+ Bc8 31. Qxc7+ Ke8 32. Rxc8+ 1-0